130 pulsaciones : (Record no. 192210)

MARC details
000 -LEADER
campo de control de longitud fija 01215nam a2200325 i 4500
001 - NÚMERO DE CONTROL
campo de control 192210
003 - IDENTIFICADOR DE NÚMERO DE CONTROL
campo de control SpMaBN
005 - FECHA Y HORA DE LA ÚLTIMA TRANSACCIÓN
campo de control 20240528062745.0
008 - DATOS DE LONGITUD FIJA--INFORMACIÓN GENERAL
campo de control de longitud fija 221119s2020 sp | |||| 000 p spa
017 ## - NÚMERO DE COPYRIGHT O DE DEPÓSITO LEGAL
Número de copyright o de depósito legal TO 148-2020
Agencia que asigna Oficina Depósito Legal Toledo
020 ## - NÚMERO INTERNACIONAL ESTÁNDAR DEL LIBRO
Número Internacional Estándar del Libro 9788418117152
040 ## - FUENTE DE CATALOGACIÓN
Centro catalogador/agencia de origen SpMaBN
Lengua de catalogación spa
Centro/agencia transcriptor SpMaBN
Normas de descripción rda
080 ## - NÚMERO DE LA CLASIFICACIÓN DECIMAL UNIVERSAL
Número de la Clasificación Decimal Universal 821.134.2-14"19"
100 1# - ENTRADA PRINCIPAL--NOMBRE DE PERSONA
Nombre de persona Pascal Ros, Alfonso,
Fechas asociadas al nombre 1965-
Término indicativo de función/relación Autor
9 (RLIN) 89316
245 10 - MENCIÓN DEL TÍTULO
Título 130 pulsaciones :
Resto del título (antología poética 1985-2020) /
Mención de responsabilidad, etc. Alfonso Pascal Ros ; [prólogo, J. Gonper]
246 3# - FORMA VARIANTE DEL TITULO
Título propio/Titulo breve Ciento treinta pulsaciones :
Resto del título (antología poética 1985-2020)
250 ## - MENCION DE EDICION
Mención de edición Primera edición: septiembre, 2020
260 ## - PUBLICACIÓN, DISTRIBUCIÓN, ETC.
Lugar de publicación, distribución, etc. Toledo :
Nombre del editor, distribuidor, etc. Celya,
Fecha de publicación, distribución, etc. 2020.
300 ## - DESCRIPCIÓN FÍSICA
Extensión 169 páginas ;
Dimensiones 21 cm.
490 1# - MENCIÓN DE SERIE
Mención de serie Colección Generación del Vértice ;
Designación de volumen o secuencia 185
500 ## - NOTA GENERAL
Nota general Índice
655 #7 - TERMINO DE INDIZACIÓN--GENERO/FORMA
Datos o término principal de género/forma Poesías
Fuente del término tgfbne
9 (RLIN) 176539
700 1# - ENTRADA AGREGADA--NOMBRE PERSONAL
9 (RLIN) 235003
Nombre de persona Gonper, Joan,
Fechas asociadas al nombre 1963-
Término indicativo de función/relación Autor de introducción
830 0# - PUNTO DE ACCESO ADICIONAL DE SERIE-TÍTULO UNIFORME
Título uniforme Colección Generación del Vértice ;
Designación de volumen o secuencia 185
9 (RLIN) 226117
852 4# - LOCALIZACIÓN
Ubicación ES-MaACL
Número de control de estantería N-8166
Sublocalización o colección R. 152932
Ubicación en estantería Depósito J
Donativo/Legado Donación: Alfonso Pascal Ros
itemnumber 199492
903 ## - NOMBRE PERSONAL DE DONANTE
a Pascal Ros, Alfonso,
d 1965-
e Donante
9 89316
942 ## - ELEMENTOS DE ENTRADA SECUNDARIOS (KOHA)
Tipo de ítem Koha Libro impreso
Suprimir en OPAC No
Holdings
Estatus retirado Estado de pérdida Fuente del sistema de clasificación o colocación Estado de daño No para préstamo Biblioteca de origen Biblioteca actual Ubicación en estantería Fecha de adquisición Fuente de adquisición Total de préstamos Signatura topográfica completa Código de barras Visto por última vez Tipo de ítem Koha
    Clasificación decimal universal     Biblioteca del Ateneo de Madrid Biblioteca del Ateneo de Madrid Depósito J 19/11/2022 Donación   N-8166 101206640 23/02/2023 Libro impreso